Decoding lease structures (Record no. 63691)
[ view plain ]
| 000 -LEADER | |
|---|---|
| fixed length control field | 00866cam a2200229 4500 |
| 001 - CONTROL NUMBER | |
| control field | ABS62301 |
| 008 - FIXED-LENGTH DATA ELEMENTS--GENERAL INFORMATION | |
| fixed length control field | 000000n2000 000 0 eng u |
| 035 ## - SYSTEM CONTROL NUMBER | |
| System control number | (Sirsi) u106342 |
| 100 ## - MAIN ENTRY--PERSONAL NAME | |
| Personal name | Crosby, N. |
| 245 ## - TITLE STATEMENT | |
| Title | Decoding lease structures |
| 260 ## - PUBLICATION, DISTRIBUTION, ETC. | |
| Date of publication, distribution, etc. | 2000 |
| 490 ## - SERIES STATEMENT | |
| Series statement | Estates Gazette |
| Volume/sequential designation | (0020) 20 May 2000, 153-156(4) |
| 520 ## - SUMMARY, ETC. | |
| Summary, etc. | A DETR research report "Monitoring the Code of Practice for Commercial Leases" has found that the code of practice for commercial leases requires wider dissemination. Graphs. Full report available from DETR Publications Sales Centre (Tel: 01709 891318). |
| 590 ## - LOCAL NOTE (RLIN) | |
| Local note | ABS |
| 650 ## - SUBJECT ADDED ENTRY--TOPICAL TERM | |
| Topical term or geographic name entry element | MONITORING THE CODE OF PRACTICE FOR COMMERCIAL LEASES |
| 650 ## - SUBJECT ADDED ENTRY--TOPICAL TERM | |
| Topical term or geographic name entry element | COMMERCIAL LEASES |
| 650 ## - SUBJECT ADDED ENTRY--TOPICAL TERM | |
| Topical term or geographic name entry element | RETAIL LEASES |
| 650 ## - SUBJECT ADDED ENTRY--TOPICAL TERM | |
| Topical term or geographic name entry element | LEASE STRUCTURES |
| 690 ## - LOCAL SUBJECT ADDED ENTRY--TOPICAL TERM (OCLC, RLIN) | |
| Topical term or geographic name as entry element | PROPERTY-COMMERCIAL PROPERTY |
| 700 ## - ADDED ENTRY--PERSONAL NAME | |
| Personal name | Murdoch, S. |
| 942 ## - ADDED ENTRY ELEMENTS (KOHA) | |
| Suppress in OPAC | 0 |
| Withdrawn status | Lost status | Source of classification or shelving scheme | Damaged status | Not for loan | Home library | Current library | Shelving location | Date acquired | Total Checkouts | Full call number | Barcode | Date last seen | Copy number | Price effective from | Koha item type |
|---|---|---|---|---|---|---|---|---|---|---|---|---|---|---|---|
| Dewey Decimal Classification | London | London | Journal article | 07/06/2000 | ABS62301 | 106342-1001 | 06/08/2019 | 1 | 06/08/2019 | Journal article |